000 01380nam0a22002771 4500
001 rc\4842041
005 20260408001452.0
021 _aRU
_b[64-3283]
035 _a(NLR Aleph) 008893763
090 _a8658973
_c8658973
100 _a20130426d1963 |||y0rusy50 ca
101 0 _arus
102 _aRU
105 _aa z |||||
200 1 _aТехническое совершенствование производства работ по устройству свайных оснований, специальных видов подземных сооружений и гидротехнических работ
_e(Материалы Семинара)
_fГосмонтажспецстрой СССР. Главспецпромстрой. ЦБТИ. Трест "Гидроспецфундаментстрой"
210 _aМосква
_cБ. и.
_d1963
215 _a62 с.
_cил.
_d29
606 _aГидротехнические сооружения
_xПостройка
_2psbo
606 _aПодземные сооружения
_xПостройка
_2psbo
606 _aФундаменты свайные
_xПостройки
_2psbo
712 0 2 _a"Гидроспецфундаментстрой", трест
_cМосква
_9827526
_3RU\NLR\AUTH\8810165751
801 0 _aRU
_bNLR
_gpsbo
801 1 _aRU
_bELAR
_2rusmarc
852 _aNLR
_j64-8/298
942 _cBOOK
980 _aNB